[Event "C.to Provinciale CO"]
[Site "Como ITA"]
[Date "2001.01.12"]
[Round "1"]
[White "Perissinotto, Claudio"]
[Black "Napoli, Ferdinando"]
[Result "1-0"]
[WhiteElo "2108"]
[BlackElo "1537"]
[PlyCount "39"]
[EventDate "2001.01.12"]

1. e4 c5 2. Nf3 Nc6 3. d4 cxd4 4. Nxd4 Nf6 5. Nc3 e5 6. Ndb5 d6 7. Bg5 a6 8.
Na3 b5 9. Bxf6 gxf6 10. Nd5 Bg7 11. c3 f5 12. exf5 Bxf5 13. Qf3 Be6 14. Nf4
exf4 15. Qxc6+ Ke7 16. Nc2 Qd7 17. Qxd7+ Kxd7 18. Bd3 Rac8 19. O-O h5 20. Nb4
1-0

[Event "C.to Provinciale CO"]
[Site "Como ITA"]
[Date "2001.01.12"]
[Round "1"]
[White "Petetta, Roberto"]
[Black "Bellotto, Stefano"]
[Result "0-1"]
[WhiteElo "1552"]
[BlackElo "1797"]
[PlyCount "46"]
[EventDate "2001.01.12"]

1. e4 d6 2. d4 Nf6 3. Bd3 Nbd7 4. f4 e5 5. c3 g6 6. Ne2 Bg7 7. O-O O-O 8. fxe5
dxe5 9. Bg5 c6 10. Nd2 Qc7 11. Ng3 h6 12. Be3 Nh7 13. Bc4 Ng5 14. Qb3 Nb6 15.
Bd3 Be6 16. Qc2 Rad8 17. Bxg5 hxg5 18. Nf3 exd4 19. c4 Qe7 20. e5 g4 21. Nd2
Nd7 22. Rae1 Nxe5 23. Be2 d3 0-1

[Event "C.to Provinciale CO"]
[Site "Como ITA"]
[Date "2001.01.12"]
[Round "1"]
[White "Rossi, Silio"]
[Black "Larghi, Riccardo"]
[Result "0-1"]
[WhiteElo "1522"]
[BlackElo "1827"]
[PlyCount "140"]
[EventDate "2001.01.12"]

1. b4 c6 2. e3 d5 3. Nf3 Bg4 4. h3 Bh5 5. Be2 Nf6 6. Nc3 e6 7. a3 Bd6 8. Nd4
Bxe2 9. Ncxe2 a5 10. bxa5 Rxa5 11. Nb3 Ra8 12. Ned4 Nbd7 13. O-O O-O 14. f4 Nc5
15. Bb2 Na4 16. Bc1 Qd7 17. Nf3 Ne4 18. Qe1 f5 19. Nbd4 c5 20. Ne2 c4 21. d3
Nf6 22. Qh4 Qe7 23. Ne5 Rfc8 24. d4 b5 25. Qe1 b4 26. axb4 Bxb4 27. Bd2 Bxd2
28. Qxd2 Ne4 29. Qe1 Qc7 30. Nf3 Nb6 31. Qh4 Ra7 32. Ng3 Nxg3 33. Qxg3 Rca8 34.
Rac1 Na4 35. Ng5 Qe7 36. Qh4 h6 37. Nf3 Qxh4 38. Nxh4 Nc3 39. Rfe1 Ra2 40. Nf3
Rb2 41. Ne5 Raa2 42. Ra1 Rxc2 43. Rxa2 Rxa2 44. Kf1 Ne4 45. Nc6 Rb2 46. Ne5
Ng3+ 47. Kg1 Re2 48. Rxe2 Nxe2+ 49. Kf1 Ng3+ 50. Ke1 Kf8 51. Kd2 Ne4+ 52. Kc2
Ke7 53. Nc6+ Kf6 54. Ne5 g5 55. fxg5+ hxg5 56. Nd7+ Ke7 57. Ne5 Ng3 58. Nf3 Nf1
59. Nxg5 Nxe3+ 60. Kd2 Nxg2 61. Nf3 Nf4 62. h4 Kf6 63. Ke3 Nh5 64. Kd2 Ng3 65.
Ke3 Ne4 66. Ne5 c3 67. Kd3 f4 68. Nf3 Kg6 69. Ne5+ Kh5 70. Nf3 Kg4 0-1

[Event "C.to Provinciale CO"]
[Site "Como ITA"]
[Date "2001.01.19"]
[Round "2"]
[White "Bellotto, Stefano"]
[Black "Corti, Filippo"]
[Result "1-0"]
[WhiteElo "1797"]
[BlackElo "1633"]
[PlyCount "55"]
[EventDate "2001.01.12"]

1. d4 Nf6 2. c4 g6 3. Nc3 Bg7 4. e4 d6 5. Nge2 O-O 6. Ng3 e5 7. d5 c6 8. Be2
cxd5 9. cxd5 b6 10. h4 Ba6 11. Bxa6 Nxa6 12. h5 Nc5 13. b4 Na6 14. Qa4 Nc7 15.
h6 Bh8 16. Bg5 Qd7 17. Qxd7 Nxd7 18. Rc1 f6 19. Be3 Rfc8 20. O-O a5 21. bxa5
bxa5 22. Na4 Na6 23. Rc6 Rxc6 24. dxc6 Ndc5 25. Nb6 Ra7 26. Rd1 Kf7 27. Rxd6
Ke7 28. Nc8+ 1-0

[Event "C.to Provinciale CO"]
[Site "Como ITA"]
[Date "2001.01.19"]
[Round "2"]
[White "Bernasconi, Roberto"]
[Black "Buonocore, Elio"]
[Result "0-1"]
[WhiteElo "2048"]
[BlackElo "2091"]
[PlyCount "48"]
[EventDate "2001.01.12"]

1. e4 e5 2. Nf3 Nc6 3. Bc4 Nf6 4. Ng5 d5 5. exd5 Nd4 6. c3 b5 7. cxd4 bxc4 8.
Qa4+ Nd7 9. Nf3 exd4 10. Nxd4 Bc5 11. Nf5 Qg5 12. Ng3 Qe5+ 13. Ne2 Qxd5 14. O-O
O-O 15. Nbc3 Qe6 16. Nf4 Qh6 17. d3 Bd6 18. Qxc4 Rb8 19. a3 g5 20. Nh3 Ne5 21.
Bxg5 Nf3+ 22. gxf3 Qxh3 23. Bf4 Bb7 24. Nd5 Bxd5 0-1

[Event "C.to Provinciale CO"]
[Site "Como ITA"]
[Date "2001.01.19"]
[Round "2"]
[White "Lancianese, Giuseppe"]
[Black "Orsenigo, Davide"]
[Result "0-1"]
[WhiteElo "1606"]
[BlackElo "1555"]
[PlyCount "40"]
[EventDate "2001.01.12"]

1. e4 c5 2. Nf3 d6 3. d4 cxd4 4. Nxd4 Nf6 5. Nc3 a6 6. a4 e5 7. Nb3 Be7 8. Be2
Be6 9. Be3 O-O 10. O-O Nbd7 11. f4 exf4 12. Bxf4 Nc5 13. Nxc5 dxc5 14. Qe1 Qb6
15. Qg3 Kh8 16. Be5 Qb4 17. b3 Rad8 18. Rad1 c4 19. bxc4 Bxc4 20. Bd3 Nh5 0-1

[Event "C.to Provinciale CO"]
[Site "Como ITA"]
[Date "2001.01.19"]
[Round "2"]
[White "Larghi, Riccardo"]
[Black "Pede, Lucio"]
[Result "1-0"]
[WhiteElo "1827"]
[BlackElo "1630"]
[PlyCount "83"]
[EventDate "2001.01.12"]

1. Nf3 Nf6 2. g3 c6 3. Bg2 e6 4. O-O d5 5. d3 Be7 6. c3 O-O 7. Na3 Bd7 8. Nc2
c5 9. b4 Ba4 10. a3 Nc6 11. Bb2 b5 12. Qd2 c4 13. d4 Ne4 14. Qc1 Bxc2 15. Qxc2
a5 16. Nd2 f5 17. f3 Nxd2 18. Qxd2 Bg5 19. f4 Bf6 20. Rfb1 Qe8 21. Bc1 a4 22.
Qc2 Qg6 23. Be3 Qh6 24. Qd2 g6 25. Kf2 Nd8 26. Rh1 Qg7 27. Rag1 Qd7 28. Ke1 Nb7
29. Kd1 Be7 30. h3 Rad8 31. g4 Rfe8 32. g5 Nd6 33. h4 Kg7 34. h5 Rh8 35. Rh2
Ne4 36. Bxe4 dxe4 37. Rgh1 Qc8 38. Kc2 Bd6 39. Qe1 Qb8 40. Qh4 Be7 41. hxg6
hxg6 42. Qh7+ 1-0

[Event "C.to Provinciale CO"]
[Site "Como ITA"]
[Date "2001.01.19"]
[Round "2"]
[White "Rossi, Giampiero"]
[Black "Corti, Corrado"]
[Result "1/2-1/2"]
[WhiteElo "2174"]
[BlackElo "2034"]
[PlyCount "105"]
[EventDate "2001.01.12"]

1. d4 d5 2. c4 e6 3. Nc3 c6 4. e3 Nf6 5. Nf3 Bd6 6. Qc2 O-O 7. Be2 Nbd7 8. O-O
b6 9. Rd1 Bb7 10. b3 Rc8 11. Bb2 Qe7 12. Rac1 Rfd8 13. Qb1 h6 14. h3 Nf8 15.
Bd3 Bb8 16. cxd5 cxd5 17. Ne2 Rxc1 18. Rxc1 Rc8 19. Rxc8 Bxc8 20. Qc1 Qc7 21.
Qxc7 Bxc7 22. Ba3 N8d7 23. Nc3 Ne8 24. Kf1 Nd6 25. Ke2 f6 26. Kd2 Kf7 27. Ne1
Nb8 28. Nc2 Ba6 29. Bxd6 Bxd6 30. Nb5 Bxb5 31. Bxb5 Ke7 32. Kc3 a6 33. Be2 Kd7
34. Nb4 Bxb4+ 35. Kxb4 Nc6+ 36. Kc3 Nb8 37. f3 Kc6 38. Bd3 a5 39. a3 b5 40. e4
Nd7 41. exd5+ exd5 42. Bg6 Kd6 43. Bf7 Nb8 44. Kd3 b4 45. a4 Nc6 46. Ke3 Ne7
47. g4 g5 48. f4 Nc6 49. fxg5 fxg5 50. Kd3 Nb8 51. Ke3 Nd7 52. Be8 Nf6 53. Bg6
1/2-1/2

[Event "C.to Provinciale CO"]
[Site "Como ITA"]
[Date "2001.01.19"]
[Round "2"]
[White "Tavasci, Alfio"]
[Black "Coppola, Guido"]
[Result "0-1"]
[WhiteElo "1600"]
[BlackElo "1860"]
[PlyCount "128"]
[EventDate "2001.01.12"]

1. d4 d5 2. Nf3 e6 3. c4 Nf6 4. Bg5 Be7 5. Nc3 O-O 6. e3 h6 7. Bh4 Nbd7 8. Qc2
c5 9. cxd5 cxd4 10. exd4 Nxd5 11. Bxe7 Qxe7 12. Be2 N7f6 13. O-O b6 14. Ne5 Bb7
15. Bf3 Rac8 16. Rac1 Rfd8 17. Rfd1 Nb4 18. Qe2 Ba6 19. Qd2 Qd6 20. a3 Nbd5 21.
Ne4 Nxe4 22. Bxe4 Rxc1 23. Rxc1 Nf6 24. Bf3 Qxe5 25. dxe5 Rxd2 26. exf6 Rxb2
27. fxg7 Ra2 28. h3 Rxa3 29. Rc7 Bd3 30. Bh5 Bg6 31. Bxg6 fxg6 32. Re7 b5 33.
Rxe6 Kxg7 34. Re4 Ra1+ 35. Kh2 a5 36. Re5 b4 37. Rb5 Ra3 38. f3 h5 39. Kg3 b3
40. Kf4 Ra4+ 41. Ke3 Ra3 42. Kd4 a4 43. Kc3 Ra2 44. g4 hxg4 45. hxg4 Rf2 46.
Kb4 Rxf3 47. Kxa4 Rf4+ 48. Kxb3 Rxg4 49. Kc3 Re4 50. Kd3 Re8 51. Rb4 Kh6 52.
Re4 Rf8 53. Ke3 Kg5 54. Ke2 Rf5 55. Ke1 Rf4 56. Re2 Kh4 57. Rf2 Kg3 58. Rxf4
Kxf4 59. Kf2 Kg4 60. Kg2 g5 61. Kh2 Kf3 62. Kg1 g4 63. Kf1 g3 64. Kg1 g2 0-1

[Event "C.to Provinciale CO"]
[Site "Como ITA"]
[Date "2001.01.26"]
[Round "3"]
[White "Buonocore, Elio"]
[Black "Bellotto, Stefano"]
[Result "1-0"]
[WhiteElo "2091"]
[BlackElo "1797"]
[PlyCount "91"]
[EventDate "2001.01.12"]

1. e4 d6 2. d4 Nf6 3. Nc3 c6 4. f4 Qa5 5. Bd3 e5 6. Nf3 Bg4 7. Be3 Nbd7 8. O-O
Be7 9. h3 Bxf3 10. Qxf3 Bd8 11. Ne2 exd4 12. Nxd4 g6 13. a3 Qc7 14. c4 Nc5 15.
Bc2 O-O 16. b4 Ne6 17. Ne2 Qe7 18. g4 Nd7 19. Ng3 Bb6 20. Rad1 Rad8 21. Rd2
Rfe8 22. Rfd1 Bxe3+ 23. Qxe3 Nb6 24. Bb3 Nc7 25. Qf3 Nc8 26. Kf2 Ne6 27. g5 a6
28. h4 c5 29. Ne2 Ng7 30. Nc3 Nh5 31. Ba4 b5 32. cxb5 Nb6 33. Bc2 Nc4 34. Nd5
Qb7 35. bxa6 Qxa6 36. Bd3 Nxd2 37. Bxa6 Nxf3 38. Kxf3 Kf8 39. b5 Ng7 40. Bb7
Ne6 41. Bc6 Nd4+ 42. Rxd4 cxd4 43. b6 Rc8 44. Bxe8 Kxe8 45. a4 Ra8 46. Nc7+ 1-0

[Event "C.to Provinciale CO"]
[Site "Como ITA"]
[Date "2001.01.26"]
[Round "3"]
[White "Coppola, Guido"]
[Black "Rossi, Giampiero"]
[Result "0-1"]
[WhiteElo "1860"]
[BlackElo "2174"]
[PlyCount "78"]
[EventDate "2001.01.12"]

1. e4 c5 2. Nf3 e6 3. d4 cxd4 4. Nxd4 a6 5. Be2 Nf6 6. Nc3 Qc7 7. O-O Nc6 8.
Nxc6 bxc6 9. Be3 d5 10. exd5 cxd5 11. Na4 Rb8 12. c4 dxc4 13. Rc1 Bd6 14. Bxc4
Qe7 15. Nb6 O-O 16. Nxc8 Rfxc8 17. Bxa6 Rxc1 18. Bxc1 Nd5 19. Bd3 Qh4 20. g3
Qh3 21. Be4 Rb4 22. Bg2 Qf5 23. Qe2 Bc5 24. a3 Rd4 25. Be3 Nxe3 26. fxe3 Qd3
27. Qf3 Rd7 28. Re1 g6 29. Bf1 Qd2 30. Re2 Qc1 31. Qf4 Rd1 32. Qb8+ Kg7 33. Qf4
Rd5 34. g4 Rd1 35. Kg2 Bd6 36. Qf3 Rd2 37. Rxd2 Qxd2+ 38. Qe2 Qd5+ 39. Qf3 Qe5
0-1

[Event "C.to Provinciale CO"]
[Site "Como ITA"]
[Date "2001.01.26"]
[Round "3"]
[White "Grassetto, Gilberto"]
[Black "Lancianese, Giuseppe"]
[Result "0-1"]
[WhiteElo "1543"]
[BlackElo "1606"]
[PlyCount "94"]
[EventDate "2001.01.12"]

1. d4 f5 2. c4 Nf6 3. Nc3 e6 4. Bf4 Be7 5. e3 O-O 6. Bd3 d5 7. c5 c6 8. h3 Nbd7
9. g4 Ne4 10. Bxe4 fxe4 11. Qd2 b6 12. cxb6 axb6 13. Nge2 Ba6 14. Bg3 Qe8 15.
h4 Nf6 16. Nf4 Bb4 17. g5 Ng4 18. a3 Bxc3 19. Qxc3 e5 20. Ne2 Qf7 21. Rf1 exd4
22. Qxd4 c5 23. Qd2 Rad8 24. Bf4 Qe6 25. O-O-O Ne5 26. Qc2 Bd3 27. Rxd3 exd3
28. Qd2 dxe2 29. Qxe2 c4 30. Bxe5 Qxe5 31. f4 Qe4 32. h5 Rde8 33. Re1 Re7 34.
Qd2 Rfe8 35. h6 Qd3 36. Qxd3 cxd3 37. Kd2 d4 38. Kxd3 Rxe3+ 39. Rxe3 dxe3 40.
Ke2 g6 41. b4 Kf7 42. a4 Re4 43. a5 bxa5 44. bxa5 Ke6 45. a6 Kf5 46. a7 Ra4 47.
Kxe3 Rxa7 0-1

[Event "C.to Provinciale CO"]
[Site "Como ITA"]
[Date "2001.01.26"]
[Round "3"]
[White "Orsenigo, Davide"]
[Black "Larghi, Riccardo"]
[Result "1/2-1/2"]
[WhiteElo "1555"]
[BlackElo "1827"]
[PlyCount "147"]
[EventDate "2001.01.12"]

1. e4 c5 2. Nf3 d6 3. d4 cxd4 4. Nxd4 Nf6 5. Nc3 g6 6. Be2 Bg7 7. Be3 O-O 8.
O-O Nc6 9. f3 Bd7 10. Qd2 Rc8 11. Rfd1 Ne5 12. Nb3 Nc4 13. Bxc4 Rxc4 14. Bh6 b5
15. Bxg7 Kxg7 16. Rac1 Qb6+ 17. Qf2 Qxf2+ 18. Kxf2 Rfc8 19. a3 a6 20. Na5 R4c7
21. Rd2 Be6 22. Ne2 h6 23. Nd4 Bd7 24. c3 Nh7 25. Ke3 Nf8 26. Rcd1 Ne6 27. Nab3
f6 28. Nxe6+ Bxe6 29. Nd4 Bf7 30. Re1 Rc4 31. Red1 Be8 32. Ne6+ Kf7 33. Nf4 Bd7
34. Nd5 R4c6 35. Nb4 Rb6 36. Nd5 Rb7 37. Nf4 g5 38. Nd3 h5 39. h3 Be6 40. Rh1
h4 41. Rhd1 Bb3 42. Re1 Bc4 43. Red1 a5 44. b4 a4 45. Nb2 Rbc7 46. Rc1 Be6 47.
Kd4 f5 48. exf5 Bxf5 49. Nd1 Rc4+ 50. Ke3 Be6 51. Rd3 Rf4 52. Rd2 Bb3 53. Nb2
Ke6 54. Kd3 Bc4+ 55. Ke3 Kd7 56. Nxc4 Rfxc4 57. Rdc2 d5 58. Kd3 Kd6 59. Kd2 e5
60. Rd1 d4 61. Rdc1 Kd5 62. Kd3 Rxc3+ 63. Rxc3 dxc3 64. Rxc3 Rxc3+ 65. Kxc3 e4
66. fxe4+ Kxe4 67. Kd2 Kf4 68. Ke2 g4 69. hxg4 Kxg4 70. Kf1 Kg3 71. Kg1 Kf4 72.
Kf2 Ke4 73. Ke2 Kd4 74. Kd2 1/2-1/2

[Event "C.to Provinciale CO"]
[Site "Como ITA"]
[Date "2001.01.26"]
[Round "3"]
[White "Pede, Lucio"]
[Black "Palimento, Paolo"]
[Result "1-0"]
[WhiteElo "1630"]
[BlackElo "1500"]
[PlyCount "40"]
[EventDate "2001.01.12"]

1. e4 e5 2. Nf3 Nc6 3. Bc4 Nf6 4. d3 Be7 5. O-O O-O 6. Nc3 d6 7. h3 a6 8. Be3
Re8 9. Ng5 d5 10. exd5 Na5 11. d6 Nxc4 12. dxe7 Qxe7 13. dxc4 Bd7 14. Nge4 Rad8
15. Nxf6+ Qxf6 16. Qe2 Bf5 17. Rad1 g5 18. Rxd8 Qxd8 19. Rd1 Qc8 20. Bxg5 Re6
1-0

[Event "C.to Provinciale CO"]
[Site "Como ITA"]
[Date "2001.01.26"]
[Round "3"]
[White "Perissinotto, Claudio"]
[Black "Bernasconi, Roberto"]
[Result "1-0"]
[WhiteElo "2108"]
[BlackElo "2048"]
[PlyCount "115"]
[EventDate "2001.01.12"]

1. c4 Nf6 2. Nf3 g6 3. g3 Bg7 4. Bg2 O-O 5. O-O c5 6. Nc3 d6 7. d4 Nfd7 8. Be3
Nc6 9. Rc1 Rb8 10. b3 a6 11. Qd2 Re8 12. Rfd1 b6 13. h3 Bb7 14. d5 Nce5 15. Ne1
Nf8 16. f4 Ned7 17. Bf2 e5 18. dxe6 Rxe6 19. Nf3 h6 20. Rc2 Nf6 21. Ne5 Qc7 22.
Ng4 Nxg4 23. hxg4 Rbe8 24. e3 Nd7 25. Nd5 Bxd5 26. Bxd5 R6e7 27. Qd3 Nf6 28.
Bf3 Rd8 29. Rcd2 Ne8 30. Qc2 Red7 31. Rd3 Bf8 32. R1d2 Nf6 33. Qd1 Re8 34. Re2
Ne4 35. Be1 Bg7 36. Qc2 Rde7 37. Bxe4 Rxe4 38. Kf2 Qe7 39. Qd2 Bd4 40. Kf3 Kf8
41. Bf2 Kg8 42. Re1 Kf8 43. exd4 Rxe1 44. Bxe1 Qxe1 45. Qxe1 Rxe1 46. dxc5 dxc5
47. Rd6 Re6 48. Rxe6 fxe6 49. Ke4 Ke7 50. Ke5 b5 51. f5 gxf5 52. gxf5 exf5 53.
Kxf5 bxc4 54. bxc4 Kd6 55. Kf6 a5 56. g4 a4 57. a3 Kd7 58. Ke5 1-0

[Event "C.to Provinciale CO"]
[Site "Como ITA"]
[Date "2001.01.26"]
[Round "3"]
[White "Petetta, Roberto"]
[Black "Tavasci, Alfio"]
[Result "1/2-1/2"]
[WhiteElo "1552"]
[BlackElo "1600"]
[PlyCount "67"]
[EventDate "2001.01.12"]

1. e4 e6 2. d4 d5 3. Nc3 Bb4 4. e5 c5 5. Bd2 cxd4 6. Nb5 Bf8 7. Nxd4 Qb6 8.
Ngf3 Bc5 9. Be3 Ne7 10. Bd3 Bd7 11. O-O a6 12. Rb1 Nbc6 13. b4 Bxd4 14. Nxd4
Nxd4 15. c3 Rc8 16. cxd4 Bb5 17. Bxb5+ Qxb5 18. Bg5 Rc4 19. Bxe7 Kxe7 20. a4
Qc6 21. b5 axb5 22. Rxb5 Rc8 23. Qb1 Kf8 24. a5 Rc1 25. Qb4+ Kg8 26. Rxb7 Rxf1+
27. Kxf1 Qc1+ 28. Qe1 Qa3 29. g3 g6 30. Qb4 Qf3 31. Rb8 Qh1+ 32. Ke2 Qe4+ 33.
Kd2 Qc2+ 34. Ke1 1/2-1/2

[Event "C.to Provinciale CO"]
[Site "Como ITA"]
[Date "2001.02.02"]
[Round "4"]
[White "Bellotto, Stefano"]
[Black "Corti, Corrado"]
[Result "0-1"]
[WhiteElo "1797"]
[BlackElo "2034"]
[PlyCount "42"]
[EventDate "2001.01.12"]

1. d4 d5 2. c4 e6 3. Nc3 Nf6 4. cxd5 exd5 5. Bg5 Be7 6. Qc2 Nbd7 7. e3 O-O 8.
Bd3 h6 9. h4 Re8 10. O-O-O Nf8 11. Bxf6 Bxf6 12. h5 c6 13. Re1 Bxd4 14. Nf3 Bf6
15. Ne2 Bg4 16. Ng3 c5 17. Kb1 Qb6 18. Bf5 Bxf5 19. Nxf5 Re4 20. Re2 Bxb2 21.
Qd3 Ba3+ 0-1

[Event "C.to Provinciale CO"]
[Site "Como ITA"]
[Date "2001.02.02"]
[Round "4"]
[White "Caprioglio, Marco"]
[Black "Palimento, Paolo"]
[Result "1/2-1/2"]
[WhiteElo "1528"]
[BlackElo "1500"]
[PlyCount "74"]
[EventDate "2001.01.12"]

1. e4 e5 2. Nf3 Nc6 3. Bb5 Nf6 4. O-O a6 5. Ba4 b5 6. Bb3 Bb7 7. Re1 Be7 8. c3
O-O 9. d4 d6 10. Nbd2 Na5 11. Bc2 Re8 12. Nf1 exd4 13. cxd4 Nc4 14. b3 Nb6 15.
Ng3 Bf8 16. Bb2 c5 17. d5 Nbd7 18. Qd2 Ne5 19. Nxe5 dxe5 20. Rac1 Rc8 21. Bd1
Bd6 22. Nf5 Bf8 23. Qg5 g6 24. Nh6+ Bxh6 25. Qxh6 Qa5 26. Re2 Qb6 27. Re3 c4
28. Qg5 cxb3 29. Rxc8 Bxc8 30. axb3 Qd6 31. f4 Nd7 32. Qh6 Qc5 33. fxe5 Nxe5
34. Kh1 f6 35. h3 a5 36. Rc3 Qf2 37. Rc7 Nf7 1/2-1/2

[Event "C.to Provinciale CO"]
[Site "Como ITA"]
[Date "2001.02.02"]
[Round "4"]
[White "Lancianese, Giuseppe"]
[Black "Petetta, Roberto"]
[Result "1-0"]
[WhiteElo "1606"]
[BlackElo "1552"]
[PlyCount "66"]
[EventDate "2001.01.12"]

1. e4 c5 2. Nf3 Nc6 3. d4 cxd4 4. Nxd4 Nf6 5. Nc3 d6 6. Be2 e6 7. Be3 Be7 8.
O-O O-O 9. Nb3 a6 10. a4 b6 11. f4 Bb7 12. Bf3 Qc7 13. Qe1 Rfd8 14. Qf2 Nd7 15.
Qg3 Bf6 16. Rad1 Nb4 17. Rf2 Bxc3 18. bxc3 Na2 19. f5 e5 20. Bh6 g6 21. fxg6
fxg6 22. h4 Nf6 23. Nd2 Nxc3 24. Re1 Nxa4 25. h5 Qf7 26. Ref1 Nc5 27. Qh4 Ne6
28. Be2 Nd4 29. Bd1 Nf5 30. exf5 gxh5 31. Nf3 Kh8 32. Ng5 Qd5 33. Ne6 Qxe6 1-0

[Event "C.to Provinciale CO"]
[Site "Como ITA"]
[Date "2001.02.02"]
[Round "4"]
[White "Larghi, Riccardo"]
[Black "Buonocore, Elio"]
[Result "0-1"]
[WhiteElo "1827"]
[BlackElo "2091"]
[PlyCount "50"]
[EventDate "2001.01.12"]

1. g3 f5 2. Bg2 Nf6 3. c4 g6 4. Nc3 Bg7 5. Qc2 d6 6. Rb1 a5 7. e3 e5 8. Nge2
Nbd7 9. a3 O-O 10. b4 axb4 11. axb4 e4 12. Nf4 Ne5 13. d4 exd3 14. Nxd3 Be6 15.
Nxe5 dxe5 16. Bxb7 Bxc4 17. Ne4 Qd3 18. Nxf6+ Bxf6 19. Qxd3 Bxd3 20. Bxa8 Rxa8
21. Rb3 e4 22. Ra3 Rb8 23. Bd2 c5 24. f3 cxb4 25. Rb3 Ra8 0-1

[Event "C.to Provinciale CO"]
[Site "Como ITA"]
[Date "2001.02.02"]
[Round "4"]
[White "Napoli, Ferdinando"]
[Black "Coppola, Guido"]
[Result "1-0"]
[WhiteElo "1537"]
[BlackElo "1860"]
[PlyCount "51"]
[EventDate "2001.01.12"]

1. e4 c5 2. Nf3 d6 3. d4 cxd4 4. Nxd4 Nf6 5. Nc3 a6 6. Bg5 e6 7. f4 Be7 8. Qf3
Qc7 9. O-O-O Nbd7 10. Bd3 b5 11. Rhe1 b4 12. Nd5 Nxd5 13. exd5 Ne5 14. Rxe5
dxe5 15. d6 Bxd6 16. fxe5 Rb8 17. exd6 Qa5 18. Bf4 e5 19. Nc6 Bb7 20. Nxa5 Bxf3
21. gxf3 exf4 22. Bxa6 Kd7 23. Bb7 Rhd8 24. Bc6+ Kc8 25. Be4 b3 26. Bf5+ 1-0

[Event "C.to Provinciale CO"]
[Site "Como ITA"]
[Date "2001.02.02"]
[Round "4"]
[White "Orsenigo, Davide"]
[Black "Perissinotto, Claudio"]
[Result "0-1"]
[WhiteElo "1555"]
[BlackElo "2108"]
[PlyCount "26"]
[EventDate "2001.01.12"]

1. e4 Nf6 2. Nc3 d5 3. d4 Nxe4 4. Nxe4 dxe4 5. f3 e5 6. Be3 exd4 7. Bxd4 Nc6 8.
Ne2 exf3 9. gxf3 Nxd4 10. Nxd4 Qh4+ 11. Ke2 Bc5 12. Nb5 Qf2+ 13. Kd3 Qe3+ 0-1

[Event "C.to Provinciale CO"]
[Site "Como ITA"]
[Date "2001.02.02"]
[Round "4"]
[White "Revinelli, Sergio"]
[Black "Corti, Filippo"]
[Result "0-1"]
[WhiteElo "1669"]
[BlackElo "1633"]
[PlyCount "106"]
[EventDate "2001.01.12"]

1. e4 c6 2. d4 d5 3. e5 Bf5 4. Nc3 e6 5. g4 Bg6 6. Nge2 Nd7 7. Nf4 Ne7 8. h4 h6
9. Be3 a6 10. Nxg6 Nxg6 11. h5 Ne7 12. f4 Qc7 13. Ne2 c5 14. b3 Nc6 15. c3 Be7
16. Ng3 Qa5 17. Bd2 Qb6 18. Be3 cxd4 19. cxd4 Bb4+ 20. Kf2 Bc3 21. Rc1 Bxd4 22.
Bxd4 Nxd4 23. Kg2 Nc6 24. Bd3 Ke7 25. Re1 Rac8 26. Qd2 Nb4 27. Bb1 Rxc1 28.
Rxc1 Nc6 29. Qd3 Rc8 30. Rd1 Nb4 31. Qd2 Nc6 32. Ne4 Qb4 33. Nd6 Qxd2+ 34. Rxd2
Rb8 35. Bd3 Ndxe5 36. fxe5 Nxe5 37. Nxb7 Nxd3 38. Na5 Ne5 39. Re2 Kd6 40. Rxe5
Rb5 41. Re2 Rxa5 42. b4 Ra3 43. Kf2 e5 44. Kg2 e4 45. Rb2 d4 46. Kf2 Rh3 47.
Kg2 Ra3 48. Kf2 Kc6 49. Rc2+ Rc3 50. Rb2 Kb5 51. Re2 e3+ 52. Kf3 Kxb4 53. Rb2+
Ka3 0-1

[Event "C.to Provinciale CO"]
[Site "Como ITA"]
[Date "2001.02.02"]
[Round "4"]
[White "Rossi, Giampiero"]
[Black "Pede, Lucio"]
[Result "1-0"]
[WhiteElo "2174"]
[BlackElo "1630"]
[PlyCount "51"]
[EventDate "2001.01.12"]

1. d4 d5 2. c4 dxc4 3. Nf3 Nf6 4. e3 Bg4 5. Bxc4 e6 6. Nc3 c5 7. Qa4+ Qd7 8.
Bb5 Nc6 9. Ne5 Qc8 10. dxc5 Bh5 11. g4 Bg6 12. h4 Bxc5 13. h5 O-O 14. Bxc6 bxc6
15. hxg6 fxg6 16. g5 Nd7 17. Nxd7 Qxd7 18. Qh4 Rad8 19. Qxh7+ Kf7 20. Rh3 Ke7
21. Qxg7+ Rf7 22. Qxg6 Bb4 23. Qxf7+ Kxf7 24. Rh7+ Kg6 25. Rxd7 Rxd7 26. Bd2
1-0

[Event "C.to Provinciale CO"]
[Site "Como ITA"]
[Date "2001.02.09"]
[Round "5"]
[White "Buonocore, Elio"]
[Black "Corti, Corrado"]
[Result "1-0"]
[WhiteElo "2091"]
[BlackElo "2034"]
[PlyCount "101"]
[EventDate "2001.01.12"]

1. e4 c5 2. c3 e6 3. d4 cxd4 4. cxd4 d5 5. e5 Nc6 6. Nf3 Bb4+ 7. Nc3 Nge7 8.
Bd3 Bd7 9. O-O a6 10. Be3 Ng6 11. a3 Be7 12. g3 f5 13. exf6 gxf6 14. Nh4 f5 15.
Ng2 Bg5 16. f4 Bf6 17. Ne2 O-O 18. Kh1 Rc8 19. Ne1 Na5 20. b3 Qb6 21. Rb1 Be7
22. Bc1 Rc7 23. Nf3 Nc6 24. Rg1 Kh8 25. h3 Bf6 26. g4 Nce7 27. g5 Bg7 28. h4 h5
29. Ng3 Be8 30. Nxh5 Ng8 31. Ng3 N6e7 32. h5 Rf7 33. Rg2 Nc6 34. h6 Bxh6 35.
gxh6 Nf6 36. Ng5 Rfe7 37. Be2 Ng4 38. Bxg4 fxg4 39. Qxg4 Bg6 40. Nf7+ Rxf7 41.
Qxg6 Rcd7 42. Nh5 Qd8 43. Qg5 Qf8 44. Be3 Rf5 45. Qg7+ Qxg7 46. hxg7+ Kg8 47.
Rh2 Ne7 48. Rg1 Rf7 49. Nf6+ Rxf6 50. Rh8+ Kf7 51. Rf8# 1-0

[Event "C.to Provinciale CO"]
[Site "Como ITA"]
[Date "2001.02.09"]
[Round "5"]
[White "Coppola, Guido"]
[Black "Caprioglio, Marco"]
[Result "1-0"]
[WhiteElo "1860"]
[BlackElo "1528"]
[PlyCount "39"]
[EventDate "2001.01.12"]

1. e4 c5 2. Nf3 e6 3. d4 cxd4 4. Nxd4 Nf6 5. Nc3 d6 6. Bc4 a6 7. Bb3 Be7 8. Be3
Qc7 9. f3 Nc6 10. Qd2 b5 11. Nxc6 Qxc6 12. O-O-O O-O 13. g4 Nd7 14. Nd5 Bf6 15.
Nxf6+ Nxf6 16. Qxd6 Bb7 17. g5 Nh5 18. Qxc6 Bxc6 19. Rd6 Bb7 20. Rb6 1-0

[Event "C.to Provinciale CO"]
[Site "Como ITA"]
[Date "2001.02.09"]
[Round "5"]
[White "Corti, Filippo"]
[Black "Napoli, Ferdinando"]
[Result "1-0"]
[WhiteElo "1633"]
[BlackElo "1537"]
[PlyCount "31"]
[EventDate "2001.01.12"]

1. Nf3 Nf6 2. g3 g6 3. Bg2 Bg7 4. d3 d6 5. O-O O-O 6. e4 e5 7. Nbd2 c5 8. Nc4
b5 9. Ne3 Bb7 10. Ng5 Nc6 11. f4 h6 12. Nh3 Qd7 13. f5 Ne7 14. Ng4 Kh7 15. Bxh6
Nxg4 16. Qxg4 1-0

[Event "C.to Provinciale CO"]
[Site "Como ITA"]
[Date "2001.02.09"]
[Round "5"]
[White "Lancianese, Giuseppe"]
[Black "Larghi, Riccardo"]
[Result "0-1"]
[WhiteElo "1606"]
[BlackElo "1827"]
[PlyCount "88"]
[EventDate "2001.01.12"]

1. e4 c5 2. Nf3 d6 3. d4 cxd4 4. Nxd4 Nf6 5. Nc3 a6 6. a4 e5 7. Nb3 Qc7 8. Be2
Be6 9. Be3 Be7 10. O-O Nbd7 11. Kh1 O-O 12. g4 Rfd8 13. g5 Ne8 14. Nd5 Bxd5 15.
exd5 f5 16. gxf6 Nexf6 17. Rg1 Kh8 18. a5 Rf8 19. Ra4 b5 20. Ra1 Rac8 21. Rc1
Qb7 22. c4 bxc4 23. Bxc4 Rf7 24. Qd3 Ra8 25. Rgd1 Nh5 26. Rc3 Nf4 27. Qf1 Rf5
28. Rd2 Nf6 29. Bxf4 Rxf4 30. f3 Ne4 31. Bxa6 Rxa6 32. Rdc2 Nxc3 33. Rxc3 Rf8
34. Qc4 Bg5 35. Qe4 Bf4 36. Qc4 Raa8 37. Qd3 Rfc8 38. Rc6 Rxc6 39. dxc6 Qxc6
40. Kg2 d5 41. Qf5 Qb5 42. Qc2 Rb8 43. a6 Qxb3 44. Qxb3 Rxb3 0-1

[Event "C.to Provinciale CO"]
[Site "Como ITA"]
[Date "2001.02.09"]
[Round "5"]
[White "Palimento, Paolo"]
[Black "Bernasconi, Roberto"]
[Result "0-1"]
[WhiteElo "1500"]
[BlackElo "2048"]
[PlyCount "54"]
[EventDate "2001.01.12"]

1. c4 Nf6 2. Nc3 g6 3. g3 Bg7 4. Bg2 O-O 5. e3 d6 6. Nge2 c5 7. O-O Nc6 8. b3
a6 9. Bb2 e5 10. f4 Qc7 11. Nd5 Nxd5 12. Bxd5 Ne7 13. Bg2 Rb8 14. d4 exd4 15.
exd4 Re8 16. Qd2 Bg4 17. Rae1 Nf5 18. Nc3 Bxd4+ 19. Kh1 Qa5 20. Rxe8+ Rxe8 21.
Re1 Re3 22. Rxe3 Nxe3 23. h3 Nxg2 24. hxg4 Ne3 25. g5 d5 26. Qe1 dxc4 27. bxc4
Qb4 0-1